Preces communes in Provinciis Americae Latinae Societatis Iesu /

Enregistré dans:
Détails bibliographiques
Collectivité auteur: Compañía de Jesús
Format: Livre
Langue:espagnol
Publié: México : Buena Prensa, fecha no identificada
Tags: Ajouter un tag
Pas de tags, Soyez le premier à ajouter un tag!

MARC

LEADER 00000nam^a2200000^a^4500
001 000563808
005 20250521000000.0
009 20260310132012.644
037 |a Acervo Xavier Clavigero 
041 |a ESP 
091 |a FPA. 00570 
110 |a Compañía de Jesús 
245 1 0 |a Preces communes in Provinciis Americae Latinae Societatis Iesu / 
264 1 |a México :  |b Buena Prensa,  |c fecha no identificada 
300 |a 77 p. 
336 |a texto  |b txt  |2 rdacontenido 
337 |a sin mediación  |b n  |2 rdamedio 
338 |a volumen  |b nc  |2 rdasoporte 
649 |a XX 
910 |a Fondo José Ignacio Palencia Gómez S.J. 
920 |a Impresos - Libros 
930 |a Fondos Especiales 
905 |a 137 
901 |a 0500359646  |b IT2  |c ESL  |i D  |u 20250521 
902 |a https://opac.biblio.iteso.mx/vufind/Record/000563808